Stati per produzione di soia - Statistics

Statistiche generali
  • Questo quiz è stato fatto 9 volte
  • Il punteggio medio è 13 su 15
Statistiche sulle risposte
Continente Produzione (tonnellate) Stato % Corretto
America del Sud 58 799 258 Argentina
100%
America del Sud 96 296 714 Brasile
100%
America del Nord 5 287 100 Canada
100%
Asia 11 966 328 Cina
100%
Asia 14 008 000 India
100%
Europa 1 081 340 Italia
100%
America del Nord 117 208 380 Stati Uniti
100%
Europa 4 276 990 Ucraina
100%
America del Sud 3 204 639 Bolivia
83%
America del Sud 9 163 030 Paraguay
83%
Asia / Europa 3 135 177 Russia
83%
America del Sud 2 208 000 Uruguay
83%
Asia / Oceania 967 876 Indonesia
67%
Africa 742 000 Sudafrica
67%
Africa 588 201 Nigeria
33%
Nessun quiz corrispondente trovato
Distribuzione punteggi
Percentuale di utenti per punteggio
Percentile per numero di risposta
I tuoi punteggi nel tempo
Non hai fatto questo quiz